| 000 | 00562nam a2200205 a 4500 | ||
|---|---|---|---|
| 001 | 1174 | ||
| 003 | 1174 | ||
| 005 | 20160419143817.0 | ||
| 008 | 041105s19uu xx 00 eng d | ||
| 050 |
_aTR _bD54 1987 |
||
| 100 | _aLewis, Jodie | ||
| 245 |
_aDivorce through the eyes of a child / _cwritten by Jodie Lewis. |
||
| 260 |
_aChatsworth, Calif : _bSuperscope, _c1987. |
||
| 300 | _a1 v. (unp.) : ill. ; cm. | ||
| 440 | _aTele-Story Presents. | ||
| 650 |
_aSeparation _xFiction. |
||
| 650 | _aChildren stories. | ||
| 942 |
_2ddc _cBK |
||
| 999 |
_c111250 _d111250 |
||